<?xml version="1.0" encoding="UTF-8"?>
<record
    xmlns:xsi="http://www.w3.org/2001/XMLSchema-instance"
    xsi:schemaLocation="http://www.loc.gov/MARC21/slim http://www.loc.gov/standards/marcxml/schema/MARC21slim.xsd"
    xmlns="http://www.loc.gov/MARC21/slim">

  <leader>01619cam a22003371i 4500</leader>
  <controlfield tag="001">81730</controlfield>
  <controlfield tag="003">BD-RjUL</controlfield>
  <controlfield tag="005">20230821115707.0</controlfield>
  <controlfield tag="008">230821s1972    ii       b    000 0 urdr </controlfield>
  <datafield tag="035" ind1=" " ind2=" ">
    <subfield code="a">(BD-RjUL)81730</subfield>
  </datafield>
  <datafield tag="040" ind1=" " ind2=" ">
    <subfield code="a">DLC</subfield>
    <subfield code="b">eng</subfield>
    <subfield code="e">rda</subfield>
    <subfield code="c">WAU</subfield>
    <subfield code="d">OCLCO</subfield>
  </datafield>
  <datafield tag="041" ind1=" " ind2=" ">
    <subfield code="a">urd</subfield>
  </datafield>
  <datafield tag="082" ind1="0" ind2="4">
    <subfield code="a">306.0954</subfield>
    <subfield code="2">23</subfield>
    <subfield code="b">NIA 1972</subfield>
  </datafield>
  <datafield tag="100" ind1="1" ind2=" ">
    <subfield code="a">Nizami, Khaliq Ahmad,</subfield>
    <subfield code="d">1925-1997,</subfield>
    <subfield code="e">author.</subfield>
    <subfield code="9">8438</subfield>
  </datafield>
  <datafield tag="245" ind1="1" ind2="0">
    <subfield code="a">&#x627;&#x648;&#x631;&#x627;&#x642; &#x645;&#x635;&#x648;&#x651;&#x631;: &#x639;&#x647;&#x62F; &#x648;&#x633;&#x637;&#x649;&#x670; &#x6A9;&#x649; &#x62F;&#x644;&#x651;&#x649; /&#x200F;   ;; Aur&#x101;q-i mu&#x1E63;avvar: &#x2BB;ahd-i vust&#x324;&#xE1; k&#x12B; Dill&#x12B; /</subfield>
    <subfield code="c">&#x200F;[&#x645;&#x635;&#x646;&#x651;&#x641;] &#x62E;&#x644;&#x64A;&#x642; &#x627;&#x62D;&#x645;&#x62F; &#x646;&#x638;&#x627;&#x645;&#x649;. ;; [mu&#x1E63;annif] K&#x332;h&#x332;al&#x12B;q A&#x1E25;mad Niz&#x324;&#x101;m&#x12B;.</subfield>
  </datafield>
  <datafield tag="246" ind1="3" ind2=" ">
    <subfield code="a">Auraq-i-musauwar: social history of Delhi</subfield>
  </datafield>
  <datafield tag="250" ind1=" " ind2=" ">
    <subfield code="a">Ish&#x101;&#x2BB;at-i avval.</subfield>
  </datafield>
  <datafield tag="264" ind1=" " ind2="1">
    <subfield code="a">&#x62F;&#x647;&#x644;&#x649;  : Dihl&#x12B; :&#x200F;&#x200F;</subfield>
    <subfield code="b">Shu&#x2BB;bah-yi Urd&#x16B;, Dihl&#x12B; Y&#x16B;n&#x12B;varsi&#x1E6D;&#x12B;,&#x200F;&#x634;&#x639;&#x628;&#x6C0; &#x627;&#x631;&#x62F;&#x648;&#x60C; &#x62F;&#x647;&#x644;&#x649; &#x64A;&#x648;&#x646;&#x64A;&#x648;&#x631;&#x633;&#x679;&#x649;&#x60C;&#x200F;  ,</subfield>
    <subfield code="c">1972.</subfield>
  </datafield>
  <datafield tag="300" ind1=" " ind2=" ">
    <subfield code="a">123 pages ;</subfield>
    <subfield code="c">22 cm.</subfield>
  </datafield>
  <datafield tag="490" ind1="1" ind2=" ">
    <subfield code="a">Niz&#x324;&#x101;m Urd&#x16B; k&#x332;h&#x332;ut&#x324;b&#x101;t ;&#x200F;&#x646;&#x638;&#x627;&#x645; &#x627;&#x631;&#x62F;&#x648; &#x62E;&#x637;&#x628;&#x627;&#x62A; &#x61B;&#x200F; </subfield>
    <subfield code="v">1972.</subfield>
  </datafield>
  <datafield tag="490" ind1="1" ind2=" ">
    <subfield code="a">Silsilah-yi mat&#x324;b&#x16B;&#x2BB;&#x101;t-i Shu&#x2BB;bah-yi Urd&#x16B;, Dihl&#x12B; Y&#x16B;n&#x12B;varsi&#x1E6D;&#x12B;&#x200F;&#x633;&#x644;&#x633;&#x644;&#x6C0; &#x645;&#x637;&#x628;&#x648;&#x639;&#x627;&#x62A; &#x634;&#x639;&#x628;&#x6C0; &#x627;&#x631;&#x62F;&#x648;&#x60C; &#x62F;&#x647;&#x644;&#x649; &#x64A;&#x648;&#x646;&#x64A;&#x648;&#x631;&#x633;&#x679;&#x649;  </subfield>
  </datafield>
  <datafield tag="500" ind1=" " ind2=" ">
    <subfield code="a">Back cover title: Auraq-i-musauwar: social history of Delhi.</subfield>
  </datafield>
  <datafield tag="500" ind1=" " ind2=" ">
    <subfield code="a">In Urdu.</subfield>
  </datafield>
  <datafield tag="504" ind1=" " ind2=" ">
    <subfield code="a">Includes bibliographical references.</subfield>
  </datafield>
  <datafield tag="650" ind1=" " ind2="7">
    <subfield code="a">Social conditions</subfield>
    <subfield code="2">fast</subfield>
  </datafield>
  <datafield tag="650" ind1=" " ind2="7">
    <subfield code="a">Social history</subfield>
    <subfield code="9">8439</subfield>
  </datafield>
  <datafield tag="651" ind1=" " ind2="0">
    <subfield code="a">Delhi (India)</subfield>
    <subfield code="x">Social conditions.</subfield>
    <subfield code="9">8440</subfield>
  </datafield>
  <datafield tag="651" ind1=" " ind2="7">
    <subfield code="6">880-09</subfield>
    <subfield code="a">India</subfield>
    <subfield code="z">Delhi.</subfield>
    <subfield code="2">fast</subfield>
    <subfield code="0">(OCoLC)fst01205766</subfield>
    <subfield code="9">8441</subfield>
  </datafield>
  <datafield tag="830" ind1=" " ind2="0">
    <subfield code="a">Niz&#x324;&#x101;m Urd&#x16B; k&#x332;h&#x332;ut&#x324;b&#x101;t ;&#x200F;&#x646;&#x638;&#x627;&#x645; &#x627;&#x631;&#x62F;&#x648; &#x62E;&#x637;&#x628;&#x627;&#x62A; &#x61B;&#x200F;</subfield>
    <subfield code="v">1972.</subfield>
    <subfield code="9">8442</subfield>
  </datafield>
  <datafield tag="942" ind1=" " ind2=" ">
    <subfield code="2">ddc</subfield>
    <subfield code="c">BK</subfield>
  </datafield>
  <datafield tag="999" ind1=" " ind2=" ">
    <subfield code="c">81730</subfield>
    <subfield code="d">81730</subfield>
  </datafield>
  <datafield tag="952" ind1=" " ind2=" ">
    <subfield code="0">0</subfield>
    <subfield code="1">0</subfield>
    <subfield code="2">ddc</subfield>
    <subfield code="4">0</subfield>
    <subfield code="7">1</subfield>
    <subfield code="8">NFIC</subfield>
    <subfield code="a">RUCL</subfield>
    <subfield code="b">RUCL</subfield>
    <subfield code="c">Reading</subfield>
    <subfield code="d">2023-08-21</subfield>
    <subfield code="o">U 306.0954 NAW 1976</subfield>
    <subfield code="r">2023-08-21 00:00:00</subfield>
    <subfield code="t">C-1</subfield>
    <subfield code="y">BK</subfield>
  </datafield>
</record>
